Historia de la pintura chilena

Gespeichert in:
Bibliographische Detailangaben
1. Verfasser: Romera, Antonio R (VerfasserIn)
Format: Buch
Sprache:Spanisch
Veröffentlicht: Santiago, Chile Del Pacífico 1951
Schlagworte:
Tags: Tag hinzufügen
Keine Tags, Fügen Sie den ersten Tag hinzu!

MARC

LEADER 00000cam a2200000 a 4500
001 UCW9249
003 CL-VaPUC
005 20220827074432.0
008 881229e19510925CL |||||||||||||||||spa|d
999 |c 221270  |d 221268 
040 |c Pontificia Universidad Católica de Valparaíso 
082 0 4 |a 759.983 ROM 1951  |2 21 
100 0 |a Romera, Antonio R  |e author  |9 314443 
245 1 0 |a Historia de la pintura chilena 
260 |a Santiago, Chile  |b Del Pacífico  |c 1951 
300 |a 223 páginas 
500 |a Reproducciones de algunas pinturas chilenas en blanco y negro 
583 |a last modification  |c 20140711 12:45:23  |k Rodrigo Vera 
600 0 7 |a WOOD, CHARLES  |2 CL-VaPUC  |9 314444 
600 0 7 |a JARPA, ONOFRE  |2 CL-VaPUC  |9 314445 
600 0 7 |a MIRA, MAGDALENA  |2 CL-VaPUC  |9 314446 
600 0 7 |a SUBERCASEAUX, RAMON  |2 CL-VaPUC  |9 314447 
600 0 7 |a LIRA, PEDRO  |2 CL-VaPUC  |9 314448 
600 0 7 |a VALENZUELA PUELMA, ALFREDO  |2 CL-VaPUC  |9 314449 
650 7 |a PINTURA CHILENA  |2 CL-VaPUC  |9 268544  |x HISTORIA DEL ARTE 
650 0 |a Pintores   |x BIOGRAFIAS  |z CHILE  |9 265963 
852 |a BIBCUR 
942 |c BK  |2 ddc 
945 |d 19881229 00:00:00 
952 |0 0  |1 0  |2 ddc  |4 0  |6 759_983000000000000_ROM_1951  |7 0  |8 A  |9 214408  |a BIBHIS  |b BIBHIS  |d 2019-11-15  |i 2830191  |o 759.983 ROM 1951  |p 2830191  |r 2025-01-20  |t 3  |w 2019-11-15  |y BK  |k HIS 
952 |0 0  |1 0  |2 ddc  |4 0  |6 759_983000000000000_ROM_1951  |7 0  |8 A  |9 214409  |a BIBHIS  |b BIBHIS  |d 2019-11-15  |i 2830205  |l 1  |o 759.983 ROM 1951  |p 2830205  |r 2025-01-20  |s 2023-12-06  |t 4  |w 2019-11-15  |y BK  |k HIS 
952 |0 0  |1 0  |2 ddc  |4 0  |6 759_983000000000000_ROM_1951  |7 0  |8 R  |9 214410  |a BIBART  |b BIBART  |d 2019-11-15  |i 3821471  |l 4  |o 759.983 ROM 1951  |p 3821471  |r 2025-03-13  |s 2022-10-13  |t 1  |w 2019-11-15  |y BK  |k ART 
952 |0 0  |1 0  |2 ddc  |4 0  |6 759_983000000000000_ROM_1951  |7 0  |8 X  |9 214411  |a FDOBUD  |b FDOBUD  |d 2019-11-15  |i 1045873  |o 759.983 ROM 1951  |p 1045873  |r 2019-11-15  |t 5  |w 2019-11-15  |y BK_X  |k BUD 
952 |0 0  |1 0  |2 ddc  |3 erb  |4 0  |6 759_983000000000000_ROM_1951  |7 0  |8 R  |9 214412  |a BIBART  |b BIBART  |i 5048842  |l 6  |o 759.983 ROM 1951  |p 5048842  |r 2025-03-13  |s 2023-09-20  |t 2  |w 2019-11-15  |y BK  |z Catalogado en:20140717  |k ART